Egyptian Childhood (Record no. 8871)

MARC details
000 -LEADER
fixed length control field 00583nam a2200241 a 4500
020 ## - INTERNATIONAL STANDARD BOOK NUMBER
ISBN
082 00 - DEWEY DECIMAL CLASSIFICATION NUMBER
Classification number 922.97
Author Cutter TAH
100 ## - MAIN ENTRY--AUTHOR NAME
Author name Taha, Hussein
245 ## - TITLE STATEMENT
Title Egyptian Childhood
Sub title the Autobiography of Taha Hussein
260 ## - PUBLICATION, DISTRIBUTION, ETC. (IMPRINT)
Place of publication London
Name of publisher Heinemann
Year of publication 1912
300 ## - PHYSICAL DESCRIPTION
Number of Pages 65p
500 ## - GENERAL NOTE
General note includes index and biblioraphy
505 2# - FORMATTED CONTENTS NOTE
Formatted contents note notes
650 ## - SUBJECT ADDED ENTRY--TOPICAL TERM
Topical Term Taha Hussein
650 ## - SUBJECT ADDED ENTRY--TOPICAL TERM
Topical Term Islam-Egypt
942 ## - ADDED ENTRY ELEMENTS (KOHA)
Koha item type Books
Holdings
Collection code Home library Current library Date acquired Cost, normal purchase price Full call number Accession Number Koha item type
  Henry Martyn Institute Library Henry Martyn Institute Library 06/06/2007 33.50 922.97 TAH 012727 Books
                   Copyright © 2026 | Henry Martyn Institute | Hyderabad | TS-500052 | INDIA | Implemented by hmi.edu.in
Hit-Count:

Powered by Koha